| 000 | 01950nam a2200349Ia 4500 | ||
|---|---|---|---|
| 001 | ebr10078525 | ||
| 003 | CaPaEBR | ||
| 006 | m u | ||
| 007 | cr cn||||||||| | ||
| 008 | 050309s2005 dcu sb 000 0 eng d | ||
| 010 | _z 2005043406 | ||
| 020 | _z0821361171 (Online) | ||
| 040 |
_aCaPaEBR _cCaPaEBR |
||
| 035 | _a(OCoLC)84741906 | ||
| 050 | 1 | 4 |
_aHC79.P55 _bL42 2005eb |
| 082 | 0 | 4 |
_a363.738/7456 _222 |
| 100 | 1 | _aLecocq, Franck. | |
| 245 | 1 | 0 |
_aState and trends of the carbon market 2004 _h[electronic resource] / _cFranck Lecocq. |
| 260 |
_aWashington, DC : _bWorld Bank, _c2005. |
||
| 300 | _aviii, 33 p. | ||
| 490 | 1 |
_aWorld Bank working paper ; _vno. 44 |
|
| 500 | _aState and Trends of the Carbon Market 2004 examines the status of the emerging market for greenhouse gases emissions allowances and greenhouse gases emission reduction project...the so-called "carbon market." Based on a database of 354 transactions, this study shows that the market has been growing steadily over the past years, with demand still heavily concentrated and supply shifting from Latin America to Asia. It also explores the determinants of the price of carbon, showing that, in the absence of a standard contract for the purchase of emission reductions, the structure of the transaction has a strong impact on the price. | ||
| 504 | _aIncludes bibliographical references. | ||
| 533 |
_aElectronic reproduction. _bPalo Alto, Calif. : _cebrary, _d2009. _nAvailable via World Wide Web. _nAccess may be limited to ebrary affiliated libraries. |
||
| 650 | 0 | _aEmissions trading. | |
| 650 | 0 |
_aGreenhouse gases _xEconomic aspects. |
|
| 650 | 0 |
_aEconomic development _xEnvironmental aspects. |
|
| 655 | 7 |
_aElectronic books. _2local |
|
| 710 | 2 | _aebrary, Inc. | |
| 830 | 0 |
_aWorld Bank working paper ; _vno. 44. |
|
| 856 | 4 | 0 |
_uhttp://site.ebrary.com/lib/rucke/Doc?id=10078525 _zAn electronic book accessible through the World Wide Web; click to view |
| 999 |
_c54566 _d54566 |
||